Normal view
MARC view
- Administración
Entry Materia
Number of records used in: 267
001 - NÚMERO DE CONTROL DEL REGISTRO
- campo de control: 28
003 - IDENTIFICADOR DE NUMERO DE CONTROL
- campo de control: UPN
005 - FECHA Y HORA DE LA ÚLTIMA TRANSACCIÓN
- campo de control: 20240214151238.0
008 - DATOS DE LONGITUD FIJA
- campo de control de longitud fija: 230525n||acnnnbabn | ana |d
035 ## - NÚMERO DE CONTROL DEL SISTEMA
- Número de control del sistema: UPN10000000028
040 ## - FUENTE DE LA CATALOGACIÓN
- Lengua de catalogación: SPA
- Agencia de transcripción: UPN
- Centro catalogador de origen: UPN
046 ## - FECHAS CON CODIFICACIÓN ESPECIAL
- Fecha final para contenidos agregados: 220914
053 #4 - NÚMERO CLASIFICADOR - BIBLIOTECA DEL CONGRESO (LC)
- Elemento numérico de la clasificación - Número único o no. inicial del rango: HD31
150 ## - ENCABEZAMIENTO - TEMÁTICO
- Término de materia o nombre geográfico como elemento inicial: Administración
450 ## - VÉASE - MATERIA
- Encabezamiento temático: Administración -
- Subdivisión temática general: Teoría
670 ## - FUENTE EN LA QUE SE LOCALIZARON DATOS
- Cita de la fuente: E
680 ## - NOTA GENERAL CON DESPLIEGUE PÚBLICO
- Texto explicativo: Aquí se asientan las obras sobre los principios generales de la administración. Las obras que tratan de la aplicación práctica de estos principios a un tema particular, se asientan bajo el encabezamiento específico. Ej.:
- Encabezamiento: OFICINAS - ADMINISTRACION
902 ## - CATALOGADOR
- Catalogador: MEEG/061196
